| 000 | 01234nam a22003497a 4500 | ||
|---|---|---|---|
| 003 | CHAP | ||
| 005 | 20220329141733.0 | ||
| 008 | 971013s1976 r 00010 d | ||
| 010 | _a73068 | ||
| 011 | _a74040 | ||
| 035 | _a83598 | ||
| 040 | _cCHAP | ||
| 090 | _aFolleto 4213 | ||
| 100 | 0 | 0 |
_aCapaguta Valenzuela, Adel. _918697 |
| 245 | _aSíntesis de la actual producción agropecuaria chilena y la disponibilidad de alimentos básicos para la población | ||
| 260 |
_a(s.l. : _bs.e.), _c1976 |
||
| 300 |
_a22 p. _b: apénd. |
||
| 500 | _aPonencia presentada en : Consulta Regional de FAO-Gobiernos y Sindicatos Latinoamericanos. 1, Honduras, 1976 | ||
| 590 |
_aBATCH-UPD _b10 _c20130110 _lUCH01 _h0204 |
||
| 590 |
_aBATCH-UPD _b10 _c20130110 _lUCH01 _h0740 |
||
| 590 |
_aBATCH-UPD _b10 _c20130409 _lUCH01 _h2215 |
||
| 590 |
_aBATCH-UPD _b10 _c20130913 _lUCH01 _h2026 |
||
| 590 |
_aCONVERSION _b10 _c20130109 _lUCH01 _h1340 |
||
| 650 | 1 | 4 |
_aAgricultura _xChile. _91358 |
| 650 | 1 | 4 |
_aAgricultura _xChile. _91358 |
| 650 | 1 | 4 |
_aCultivos _xRendimiento. _930318 |
| 650 | 1 | 4 |
_aGanadería _xChile. _944670 |
| 650 | 1 | 4 |
_aGanadería _xChile. _944670 |
| 901 | _aBK | ||
| 942 | _cFOLL | ||
| 949 |
_aFolleto 4213 _bBC _cFOLL _d-38247 _eTS1 _i83598 _mD _si |
||
| 999 |
_c73068 _d73068 |
||